xevi Vilaró (Record no. 9324)

MARC details
000 - LÍDER
campo de control de longitud fija 00940nam a2200241Ia 4500
008 - ELEMENTOS DE DATOS DE LONGITUD FIJA - INFORMACIÓN GENERAL
campo de control de longitud fija 0000002006 sp ad 0000000000cat00
020 ## - INTERNATIONAL STANDARD BOOK NUMBER
International Standard Book Number 8484960218
090 ## - NÚMERO DE LLAMADA DE TIPO LC LOCALMENTE ASIGNADO (OCLC)
Número de clasificación (OCLC) (R) PSP00 P83X
100 1# - ENTRADA PRINCIPAL - NOMBRE PERSONAL
Nombre de la persona Puig, Eloi
245 13 - TÍTULO DECLARACIÓN
Título xevi Vilaró
Resto del título : qiayaqsiruq
Declaración de responsabilidad / text Eloi Puig ; fotografia Carles Petri
260 ## - PUBLICACIÓN, DISTRIBUCIÓN
Lugar de publicación Girona, España : Sala d'Exposicions de la Rambla
Fecha de publicación 2006
300 ## - DESCRIPCIÓN FÍSICA
Alcance [64] p.
Dimensiones / 20 cm.
500 ## - NOTA GENERAL
Nota general Exposición realizada en Sala d'Exposiciónons de la Rambla, Gerona, abril 8 a mayo 28 de 2008 \ Registro auspiciado por la FGAA. Bogotá \ Texto en : Francés, Inglés y Español
600 00 - ENTRADA DE SUJETO AÑADIDO - NOMBRE PERSONAL
Nombre de la persona VILARO, XEVI, 1975/
Subdivisión general TRABAJOS PICTORICOS
650 14 - ENTRADA DE SUJETO AÑADIDO - TÉRMINO TÓPICO
Término tópico o elemento de entrada del nombre geográfico ACUARELA
650 14 - ENTRADA DE SUJETO AÑADIDO - TÉRMINO TÓPICO
Término tópico o elemento de entrada del nombre geográfico ARTE CONTEMPORANEO ESPAÑOL
650 14 - ENTRADA DE SUJETO AÑADIDO - TÉRMINO TÓPICO
Término tópico o elemento de entrada del nombre geográfico ARTISTAS PLASTICOS ESPAÑOLES EXPOSIONES
650 14 - ENTRADA DE SUJETO AÑADIDO - TÉRMINO TÓPICO
Subdivisión general CATALOGOS
650 14 - ENTRADA DE SUJETO AÑADIDO - TÉRMINO TÓPICO
Subdivisión general EXPOSICIONES
650 14 - ENTRADA DE SUJETO AÑADIDO - TÉRMINO TÓPICO
Término tópico o elemento de entrada del nombre geográfico PINTORES ESPAÑOLES
650 14 - ENTRADA DE SUJETO AÑADIDO - TÉRMINO TÓPICO
Término tópico o elemento de entrada del nombre geográfico PINTURA ESPAÑOLA
700 1# - ENTRADA AGREGADA - NOMBRE PERSONAL
Nombre de la persona Petri, Carles
Holdings
Estado de retirada Pérdida de estatus Estado dañado No para préstamo Código de recogida Ubicación permanente Ubicación actual Ubicación de las estanterías Fecha de adquisición Número de llamada completo Código de barras Fecha de la última vez que se vio Número de copia Precio efectivo desde Tipo de artículo Koha
        General ArtNexus ArtNexus General 06/09/2022 P-SP-00 P83X 9327 06/09/2022 Ej.1 06/09/2022 Libro

Powered by Koha